Dead by Daylight- Killers *Updated* - Statistics

General Stats
  • This quiz has been taken 614 times
  • The average score is 17 of 19
Answer Stats
Real Name Killer % Correct
Evan MacMillan The Trapper
97%
Freddy Krueger The Nightmare
95%
Sally Smithson The Nurse
95%
Bubba Sawyer The Cannibal/Leatherface
94%
Kazan Yamaoka The Oni
94%
Michael Myers The Shape
94%
Philip Ojomo The Wraith
94%
Max Thompson Jr. The Hillbilly
93%
Frank/Julie/Susie/Joey The Legion
93%
Amanda Young The Pig
93%
Rin Yamaoka The Spirit
93%
Herman Carter The Doctor
92%
'Anna' The Huntress
92%
Lisa Sherwood The Hag
91%
Demogorgon The Demogorgon
89%
'Adiris' The Plague
84%
Danny "Jed Olsen" Johnson The Ghostface
83%
Jeffery Hawk The Clown
81%
Caleb Quinn The Deathslinger
80%
No matching quizzes found
Score Distribution
Percent of People with Each Score
Percentile by Number Answered
Your Score History
You have not taken this quiz